Family Guy Franchise - Statistics

General Stats
  • This quiz has been taken 36 times
  • The average score is 5 of 16
Answer Stats
Type Year Name Info % Correct
TV Show 1999-Present Family Guy FOX
100%
Film 2005 Stewie Griffin: The Untold Story 20th Century Fox
55%
Video Game 2014 Family Guy: The Quest for Stuff Fox Digital Entertainment
50%
TV Special 2007 Blue Harvest FOX
45%
TV Show 2009-2013 The Cleveland Show FOX
45%
TV Special 2011 It's a Trap FOX
35%
Video Game 2012 Family Guy: Back to the Multiverse Activision
30%
Short Film 1997 Larry & Steve Warner Bros.
30%
TV Special 2009 Something, Something, Something, Dark Side FOX
30%
Video Game 2017 Family Guy: Another Freakin Mobile Game Jam City
20%
TV Special 2010 Partial Terms of Endearment BBC Three
20%
Book 2019 Inside Family Guy Frazier Moore
15%
Short Film 1995 The Life of Larry Rhode Island School of Design
15%
Book 2007 Family Guy: It Takes a Village Idiot, and I Married One Cherry Chevapravatdumrong
10%
Video Game 2012 Family Guy Online Roadhouse Interactive / 20th Century Fox
10%
Video Game 2006 Family Guy Video Game! 2K
10%
No matching quizzes found
Score Distribution
Percent of People with Each Score
Percentile by Number Answered
Your Score History
You have not taken this quiz